Culture & cognition : (Record no. 588403)

000 -LEADER
fixed length control field 01378cam a22003494a 4500
001 - CONTROL NUMBER
control field 13227342
003 - CONTROL NUMBER IDENTIFIER
control field NUST
005 - DATE AND TIME OF LATEST TRANSACTION
control field 20220301093405.0
008 - FIXED-LENGTH DATA ELEMENTS--GENERAL INFORMATION
fixed length control field 030606s2004 cau b 001 0 eng
010 ## - LIBRARY OF CONGRESS CONTROL NUMBER
LC control number 2003011981
020 ## - INTERNATIONAL STANDARD BOOK NUMBER
International Standard Book Number 0761929061 (alk. paper)
020 ## - INTERNATIONAL STANDARD BOOK NUMBER
International Standard Book Number 076192907X (pbk. : alk. paper)
038 ## - RECORD CONTENT LICENSOR
Staff Name waseem
040 ## - CATALOGING SOURCE
Original cataloging agency DLC
Transcribing agency DLC
Modifying agency DLC
042 ## - AUTHENTICATION CODE
Authentication code pcc
050 00 - LIBRARY OF CONGRESS CALL NUMBER
Classification number BF311
Item number .R6542 2004
082 00 - DEWEY DECIMAL CLASSIFICATION NUMBER
Classification number 306.42
Author Mark ROS
100 1# - MAIN ENTRY--PERSONAL NAME
Personal name Ross, Norbert
Fuller form of name (Norbert O.)
9 (RLIN) 89921
245 10 - TITLE STATEMENT
Title Culture & cognition :
Remainder of title implications for theory and method /
Statement of responsibility, etc. by Norbert Ross.
246 3# - VARYING FORM OF TITLE
Title proper/short title Culture and cognition
260 ## - PUBLICATION, DISTRIBUTION, ETC.
Place of publication, distribution, etc. London :
Name of publisher, distributor, etc. SAGE Publications,
Date of publication, distribution, etc. c2004.
300 ## - PHYSICAL DESCRIPTION
Extent ix, 203 p. ;
Dimensions 23 cm.
504 ## - BIBLIOGRAPHY, ETC. NOTE
Bibliography, etc. note Includes bibliographical references (p. 177-189) and index.
563 ## - BINDING INFORMATION
Binding note PBK.
650 #0 - SUBJECT ADDED ENTRY--TOPICAL TERM
Topical term or geographic name entry element Cognition and culture.
9 (RLIN) 89922
856 41 - ELECTRONIC LOCATION AND ACCESS
Materials specified Table of contents only
Uniform Resource Identifier <a href="http://www.loc.gov/catdir/toc/ecip044/2003011981.html">http://www.loc.gov/catdir/toc/ecip044/2003011981.html</a>
856 42 - ELECTRONIC LOCATION AND ACCESS
Materials specified Publisher description
Uniform Resource Identifier <a href="http://www.loc.gov/catdir/enhancements/fy0658/2003011981-d.html">http://www.loc.gov/catdir/enhancements/fy0658/2003011981-d.html</a>
856 42 - ELECTRONIC LOCATION AND ACCESS
Materials specified Contributor biographical information
Uniform Resource Identifier <a href="http://www.loc.gov/catdir/enhancements/fy0734/2003011981-b.html">http://www.loc.gov/catdir/enhancements/fy0734/2003011981-b.html</a>
906 ## - LOCAL DATA ELEMENT F, LDF (RLIN)
a 7
b cbc
c orignew
d 1
e ecip
f 20
g y-gencatlg
942 ## - ADDED ENTRY ELEMENTS (KOHA)
Source of classification or shelving scheme
Koha item type Book
Holdings
Withdrawn status Lost status Source of classification or shelving scheme Damaged status Not for loan Permanent Location Current Location Shelving location Date acquired Source of acquisition Total Checkouts Full call number Barcode Date last seen Price effective from Koha item type
          Central Library (CL) Central Library (CL) Sociology 03/01/2022 Allied Book Company   306.42 ROS CL-1028 03/01/2022 03/01/2022 Book
© 2023 Central Library, National University of Sciences and Technology. All Rights Reserved.